00451nam a22001457a 4500020001800000082001600018100002200034245004100056260003300097300000800130650003000138942000700168952011300175999001700288 a9789178203416 a248.843 GEO aGeorge, Elizabeth aPutting On a Gentle and Quiet Spirit aMumbaibGLS Publishingc2013 a157 a Women-Christian Theology cBK 00104070aHMIbHMIcGENd2022-08-30eDirectorg150.00l0o248.843 GEOp11-4629r2022-08-30w2022-08-30yBK c23280d23280